MDQL
is popping MORE tags! Check the
thread
!
Quizzes
Events
Quiz Creation
Community
Videos
Private Events
Remove Ads
Sign In
Join for FREE
Feedback
Dark Mode
Quiz Categories
Sports
Geography
Music
Movies
Television
Just For Fun
Miscellaneous
History
Literature
Language
Science
Gaming
Entertainment
Religion
Holiday
For Kids
Quiz Lab
Recent
Popular Today
Quiz Kudos Today
Editor Picks
Curator Picks
Quizzes by...
Day
Popularity
Type
Ratings
Length
Year
Community
Subscriptions
Recent Discussions
Orange Saloon
Badges
Playlists
Quests
Create
Leaderboards
Showdown
Live 5
Trivia Bingo
Activity
Puzzle Library
Sporcle Events
Private Events
Virtual Trivia
Globe League
Become a Host
Pub Owners
SporcleCon
Opinionation
Our Games
Videos
Blog
Mobile Apps
Partnerships
Remove Ads and Go Orange
Feedback
Language
Vocabulary
Begins and Ends
Definition
Spanish
French
German
Italian
Chinese
Latin
Translation
Japanese
Language
Vocabulary
Begins and Ends
Definition
Spanish
French
German
Italian
Chinese
Latin
Translation
Japanese
Random Quiz
Search Sporcle
×
Quiz Lab
Quiz Lab
Language
Vocabulary
Type in answers that appear in a list
Type in answers that appear in a list
Classic
Best Score? Go Orange.
Chapter 4 vocab Stats
Can you name the Chapter 4 vocab?
By
ljohnson2
10m
53 Questions
2 Plays
2 Plays
2 Plays
Comments
Comments
Give Quiz Kudos
Give Quiz Kudos
-
- Ratings
hide this ad
Replay
Link that replays current quiz
Next Quiz
Link to next quiz in quiz playlist
You Got
0%
They Got
Avg Score
74%
Avg Friend Score
Upgrade to see
Score Distribution
Jump to the score distribution portion of the page
Score
0/53
Timer
10:00
0
Plays Today
Ch.4
% Correct
mendier
to beg
100%
accueillant/
accueillante
welcoming
100%
le carte de séjour
identity card
100%
le sans-
papiers
illegal immigrant
100%
l'ethnie
ethnic group
100%
le chômage
unemployment
100%
être au chômage
to be unemployed
100%
le chômeur/
la chômeuse
unemployed person
100%
le préjugé
prejudice
100%
faire une demand
to apply
100%
faire une demand d'emploi
to apply for a job
100%
la lettre de candidature
cover letter
100%
le lettre de motivation
application letter
100%
l'entretien
interview
100%
travailler
to work
100%
travailler à plein temps
to work full time
100%
travailler à mi-
temps
to work half time
100%
travailler à temps partiel
to work part time
100%
travailler à comme bénévole
to work as a volunteer
100%
une agence d'intérim
temp agency
100%
faire un stage
to do an internship
100%
le stagiaire/
la stagiaire
intern
100%
le patron/
la patronne
boss
100%
le PDG
CEO
100%
l'association caritative
charitable organization
100%
le salarié/
la salariée
wage earner
100%
l'ouvrier/
l'ouvriére
blue collar worker
100%
Ch.4
% Correct
saisonnier/
saisonniére
seasonal worker
100%
le bénévole/
la bénévole
volunteer
100%
l'atelier
workshop
100%
textile
textile mill
100%
d'artiste
artists studio
100%
le bureau
office
100%
le champ
field
100%
accueillir
to welcome
50%
l'accueil
welcome
50%
le C.V.
job resume
50%
passer un entretien
to be interviewed
50%
le boulot
job
50%
le poste
position
50%
gagner sa vie
to make a living
50%
le salaire
salary
50%
licencier/
renvoyer
to fire
50%
faire du bénévolat
to do volunteer work
50%
l'entreprise
business
50%
le formulaire
form|application
0%
remplir un formulaire
to fill out a form
0%
le métier
trade
0%
embaucher
to hire
0%
faire grève
to go on strike
0%
faire de l'intérim
to temp
0%
l'usine
factory
0%
le chantier
construction site
0%
Quiz Playlist
Details
Report
Send in Message
Add To Playlist
Classic:
Type in answers that appear in a list
Last Updated: Feb 16, 2017
Quiz Scoreboard
CHALLENGE
Sign Up to Join the Scoreboard
Show All
Scores
Hide
Comments
May contain spoilers
Recently Published
Image Sorting: Flags VI
by Barbecue
Geography
2m
Find the 'City' Movie
by crazypaving
Movies
60s
Colored Red Africa Blitz
by spor1
Geography
45s
More to Explore
Quiz From the Vault
Featured Blog Post
14 Easter Pick-up Lines to Find Eggs With
hide this ad
You Might Also Like...
Tags
Vocabulary Quiz
Channel 4
Chapter
Chapter 4
Today's Top Quizzes in Language
Browse Language
hide this ad
Today's Top Quizzes in Vocabulary
Browse Vocabulary
Top Contributed Quizzes in Language
1
What Word Starts All?
2
Arabic Numerals
3
1-10 Letter F Words III
4
1-10 Letter G Words III
5
1-10 Letter H Words III
6
Weisst du, aus welchen Sprachen diese Wörter stammen?
7
1-10 Letter I Words III
8
Latihan Huruf Hiragana KA KI KU KE KO
9
1-10 Letter M Words III
10
1-10 Letter J Words III
Explore More
Trending Topics
NBA
Crossword
Disney
Kpop
Marvel
Harry Potter
Anime
Soccer
Country
The Office
Pokémon
WWE
NFL
Puzzle
Song
hide this ad
More By:
ljohnson2
Quiz
Plays
Rating
Category
Featured
Created
French: Character Traits
76
2.33
Language
Feb 7, 2010
French: Body Vocab
59
Language
Feb 7, 2010
Chapter 4 vocab
2
Language
Mar 4, 2010
Go to Creator's Profile
Score Distribution
Quiz Creator Spotlight
ljohnson2
Follow
Send a Message
Quizzes Created
-
Created Quiz Play Count
-
More By This Creator
Popular Quizzes Today
1
Colored Red Africa Blitz
2
Find the US States - No Outlines Minefield
3
Find the 'City' Movie
4
5x2 Blitz: Bands
5
The Countries of the World
6
Find the US States
7
Find the Countries of Europe - No Outlines Minefield
8
US States
More Language Quizzes
Countdown Conundrum I
Editor's Pick
Trending Quizzes
Colored Red Europe Blitz I
Colored Red Europe Blitz II
Colored Red Africa Blitz II
Colored Red Europe Blitz III
Colored Red Africa Blitz III
Recently Updated
How Do You Spell That?
pecheneg
Godzilla Movies
pecheneg
Grab Bag: 4-10 Letters
pecheneg
2024 March Madness Bracket
pecheneg
Famous TV Couples
Peacemaker
Champions League XIs: Real Madrid
pecheneg
Largest US Cities 1790-2010
pecheneg
Rides in Walt Disney World
pecheneg
Most Oscar Losses (Acting)
pecheneg
Beyoncé Albums
pecheneg
Trending Topics
Crossword
Marvel
Kpop
Harry Potter
Anime
Disney
NBA
Puzzle
Country
The Office
Pokémon
WWE
Song
Soccer
NFL
Your Account Isn't Verified!
In order to create a playlist on Sporcle, you need to verify the email address you used during registration. Go to your
Sporcle Settings
to finish the process.
Report this User
Report this user for behavior that violates our
Community Guidelines
.
Details:
Send Report
Go to the Sporcle.com Mobile Site →
Comments